000 00604nam a2200181 a 4500
001 000040808
005 20201002034408.0
008 130906s20uu sp 000 0 spa d
020 _a9788497565233
040 _aDO-SdBNP
_bspa
_cBNPHU
100 1 _aRotaeche Gonzalez de Ubieta, Mikel
_967230
245 1 0 _aTransporte, depósito y manipulación/ de obras de arte. /
_cMikel Rotaeche González de Ubieta.
260 _aMadrid :
_bSíntesis,
_c[200?].
300 _a282 p. ;
_c22 cm.
490 1 _aPatrimonio cultural
_v6
504 _aBibliografía : p. 277-282-
830 0 _aPatrimonio cultural
_v6
_967231
999 _c40298
_d40298